00565cam a2200169 a 4500020001500000082001700015245003300032260003800065300002500103490001000128500014700138650002300285650002400308650002100332700001900353700002300372 a080311285800a628.3/64 GEO00aGeotechnics of waste fills : aPhiladelphia, PA :bASTM,cc1990. avi, 375 p. :bill. ;1 aSTP ; aBased on papers presented at a conference held in Pittsburgh, Pa. on Sept. 10-13, 1989, and sponsored by ASTM Committee D-18 on Soil and Rock. 0aSanitary landfills 0aEngineering geology 0aGroundwater flow1 aLandva, Arvid,1 aKnowles, G. David,